Качественные методы теории краевых задач для вырождающихся эллиптических уравнений: монография

Dettagli Bibliografici
Autore principale: Баев А. Д. Александр Дмитриевич
Ente Autore: Воронежский государственный университет
Riassunto:Исследованы качественные свойства решений общих краевых задач в полупространстве и полосе для вырождающихся эллиптических уравнений высокого порядка с помощью специального класса псевдодифференциальных операторов с вырождением. Такие задачи возникают при моделировании многих стационарных процессов в анизотропных средах в случае, когда граница среды оказывает существенное влияние на процессы, происходящие внутри области. Рекомендуется для специалистов в области дифференциальных уравнений, уравнений математической физики, а также аспирантам и студентам старших курсов математических специальностей.
Lingua:russo
Pubblicazione: Воронеж, Изд-во Воронежского гос. ун-та, 2008
Soggetti:
Natura: Libro
KOHA link:https://koha.lib.tpu.ru/cgi-bin/koha/opac-detail.pl?biblionumber=177866

MARC

LEADER 00000nam0a2200000 4500
001 177866
005 20231101223352.0
010 |a 9785927313808 
035 |a (RuTPU)RU\TPU\book\192841 
090 |a 177866 
100 |a 20100326d2008 km y0rusy50 ca 
101 0 |a rus 
102 |a RU 
105 |a y z 001zy 
200 1 |a Качественные методы теории краевых задач для вырождающихся эллиптических уравнений  |e монография  |f А. Д. Баев  |g Воронежский государственный университет 
210 |a Воронеж  |c Изд-во Воронежского гос. ун-та  |d 2008 
215 |a 240 с. 
320 |a Библиогр.: с. 223-236. 
330 |a Исследованы качественные свойства решений общих краевых задач в полупространстве и полосе для вырождающихся эллиптических уравнений высокого порядка с помощью специального класса псевдодифференциальных операторов с вырождением. Такие задачи возникают при моделировании многих стационарных процессов в анизотропных средах в случае, когда граница среды оказывает существенное влияние на процессы, происходящие внутри области. Рекомендуется для специалистов в области дифференциальных уравнений, уравнений математической физики, а также аспирантам и студентам старших курсов математических специальностей. 
606 1 |a Эллиптические уравнения  |2 stltpush  |3 (RuTPU)RU\TPU\subj\21161  |9 46196 
610 1 |a качественные методы 
610 1 |a вырождающиеся эллиптические уравнения 
610 1 |a псевдодифференциальные операторы 
610 1 |a коммутация 
610 1 |a разделяющие операторы 
610 1 |a задача Дирихле 
610 1 |a регуляризация 
610 1 |a априорные оценки 
610 1 |a математика 
610 1 |a математическая физика 
675 |a 517.956.2  |v 3 
700 1 |a Баев  |b А. Д.  |g Александр Дмитриевич 
712 0 2 |a Воронежский государственный университет  |2 stltpush  |3 (RuTPU)RU\TPU\col\4805  |9 24026 
801 1 |a RU  |b 63413507  |c 20100326 
801 2 |a RU  |b 63413507  |c 20120301  |g RCR 
942 |c BK